Động từ, tính từ thông dụng có kèm theo giới từ trong tiếng Pháp /

Na minha lista:
Detalhes bibliográficos
Autor principal: Vũ,Xuân Đoàn
Outros Autores: Nguyễn Hữu Thọ
Formato: Livro
Publicado em: NXB giáo dục, 2003.
Assuntos:
Tags: Adicionar Tag
Sem tags, seja o primeiro a adicionar uma tag!
Thư viện lưu trữ: Mạng thư viện Đại học Đà Nẵng
LEADER 00975nam a22002771a 4500
001 000036422
003 12717
005 20220115094727.0
008 160408s2003 000
020 |a 14000 
082 |a 445  |b VU-Đ 
100 |a Vũ,Xuân Đoàn 
245 0 |a Động từ, tính từ thông dụng có kèm theo giới từ trong tiếng Pháp /  |c Vũ Xuân Đoàn; Nguyễn Hữu Thọ. 
260 |b NXB giáo dục,  |c 2003. 
300 |a 222tr. : ;  |c 20cm. 
653 |a Động từ  |a tính từ 
700 |a Nguyễn Hữu Thọ 
OWN |a LNN 
AVA |a UDN50  |b LNN  |c French  |d 445VU-Đ  |e available  |t Error 5001 Not defined in file expand_doc_bib_avail.  |f 2  |g 0  |h N  |i 0  |j PN 
999 |a From the UDN01 
AVA |a UDN50  |b LNN  |c French  |d 445VU-Đ  |e available  |t Error 5001 Not defined in file expand_doc_bib_avail.  |f 2  |g 0  |h N  |i 0  |j PN 
TYP |a Monograph 
980 |a Mạng thư viện Đại học Đà Nẵng